00391nam a2200133 a 45000010005000000030005000050050017000100080041000270400020000681000023000882450074001112600044001856500028002293594CDMR20130517121606.0130130s1970||||||||||||||||||||||||||||d aCDMRbcatcCDMR1 aKent, Ruth Kimball14aThe language of journalismb: a glosary of print-communications terms aKentc1970bKent State University Press04aPeriodismexDiccionaris